Sports Quiz

Random Sports or Letter Quiz

Sports Team Patterns Quiz Stats

Quiz Updated Apr 1, 2013

Challenge
Share
Tweet
Embed
Score 0/30 Timer 08:00
0 Plays Today
Pattern Team % Correct
T _ _ A N STitans
98.5%
B R _ _ N SBruins
89.4%
_ A _ _ _ N A L SCardinals
80.9%
T _ _ A N STexans
69.8%
B R _ _ N SBrowns
68.9%
S _ _ R SStars
68.6%
F L _ _ _ SFlyers
65.1%
_ A _ R I O _ SPatriots
59.2%
_ I _ E R STigers
57.7%
S _ _ R SSpurs
56%
_ A _ _ _ N A L SNationals
53.2%
_ A V _ _ I _ _ SCavaliers
52.5%
F L _ _ _ SFlames
51.3%
_ A _ R E SPadres
50%
_ A _ R E SSabres
47.3%
Pattern Team % Correct
_ A V _ _ I _ _ SMavericks
45.8%
_ U _ SCubs
45.2%
_ U _ SSuns
43%
_ _ C K _ _ SPackers
41%
_ _ _ G E _ SRangers
39.9%
_ I _ E R SOilers
38.8%
_ A _ R I O _ SWarriors
29.1%
_ _ _ T O _ SRaptors
27%
_ _ C K _ _ SRockies
25.7%
_ _ C K _ _ SRockets
23.9%
_ _ _ T O _ SPistons
23.3%
_ _ _ G E _ SDodgers
22.6%
_ I _ A _ _ SPirates
19.7%
_ _ _ G E _ SNuggets
11.1%
_ I _ A _ _ SWizards
10%

You're not logged in!

Compare scores with friends on all Sporcle quizzes.
Sign Up with Email
OR
Log In

You Might Also Like...

Show Comments

Extras

Top Quizzes Today


Score Distribution

Your Account Isn't Verified!

In order to create a playlist on Sporcle, you need to verify the email address you used during registration. Go to your Sporcle Settings to finish the process.